| 000 | 00705nam a2200217 a 4500 | ||
|---|---|---|---|
| 001 | 2456 | ||
| 005 | 20140414131932.0 | ||
| 008 | 040601s19uu xx 00 eng d | ||
| 020 | _a0-394-84844-6 | ||
| 050 |
_aREF 031 _bSch8 1980 |
||
| 100 | _aSchulz, Charles | ||
| 245 |
_aCharlie Brown's 'Cyclopedia, v.15 : _bfeaturing electricity and magnetism. |
||
| 260 |
_aNew York : _bFunk and wagnalls, _c1980. |
||
| 300 | _a720 p. : ill. ; cm. | ||
| 440 | _aCharlie Brown's 'Cyclopedias | ||
| 500 | _a"Based on the Charles M. Schulz Characters"--Snoopy | ||
| 520 | _aSuper Questions and answers and amazing facts | ||
| 650 | _aCyclopedias. | ||
| 650 |
_aEnergy _xJuvenile literature. |
||
| 999 |
_c112257 _d112257 |
||